[Event "Wch Rapid"]
[Site "New York"]
[Date "2024.12.28"]
[Round "13"]
[White "Le Tuan, Minh"]
[Black "Meier, Georg"]
[Result "0-1"]
[WhiteElo "2492"]
[BlackElo "2624"]
[PlyCount "80"]
[EventDate "2024.12.26"]
[EventType "swiss (rapid)"]
[EventRounds "13"]
[EventCountry "USA"]
[SourceTitle "CB01_2025"]
[SourceDate "2025.01.01"]
[SourceVersion "1"]
[SourceVersionDate "2025.01.01"]
[SourceQuality "1"]

1. d4 e6 2. c4 Nf6 3. Nc3 Bb4 4. Nf3 Bxc3+ 5. bxc3 d6 6. Nd2 e5 7. e4 Nc6 8. Bb2 0-0 9. Bd3 Ne7 10. h4 c5 11. Qe2 Ng6 12. g3 Qb6 13. Nb3 h6 14. Ba3 Qa6 15. Bb2 Qb6 16. Rd1 Re8 17. dxc5 dxc5 18. Ba3 Nd7 19. 0-0 Ngf8 20. Bc1 Qe6 21. f3 b6 22. Na1 Qh3 23. Qg2 Nb8 24. Nc2 Nc6 25. Ne3 Qxg2+ 26. Kxg2 Ba6 27. Rf2 Na5 28. Rfd2 Rad8 29. Bf1 Rxd2+ 30. Rxd2 f6 31. h5 Re7 32. Rd8 Rd7 33. Ra8 Nc6 34. Kf2 Bb7 35. Bh3 Bxa8 36. Bxd7 Nxd7 37. Nd5 Bb7 38. g4 Ba6 39. Ne3 Na5 40. Nf5 Kh7 0-1

[Event "Wch Rapid"]
[Site "New York"]
[Date "2024.12.27"]
[Round "7"]
[White "Safarli, Eltaj"]
[Black "Le Tuan, Minh"]
[Result "0-1"]
[WhiteElo "2611"]
[BlackElo "2492"]
[PlyCount "97"]
[EventDate "2024.12.26"]
[EventType "swiss (rapid)"]
[EventRounds "13"]
[EventCountry "USA"]
[SourceTitle "CB01_2025"]
[SourceDate "2025.01.01"]
[SourceVersion "1"]
[SourceVersionDate "2025.01.01"]
[SourceQuality "1"]

1. e4 e5 2. Nf3 Nc6 3. Bb5 Bc5 4. c3 Nf6 5. Qe2 d6 6. 0-0 0-0 7. Rd1 Bb6 8. d3 h6 9. h3 Bd7 10. Nbd2 Re8 11. Nc4 Ne7 12. Bxd7 Qxd7 13. a4 c6 14. Nh4 Qe6 15. Nxb6 axb6 16. Be3 Nd7 17. b4 d5 18. Qf3 Ra6 19. b5 Ra5 20. bxc6 bxc6 21. Rdb1 Ra6 22. Nf5 Nxf5 23. exf5 Qf6 24. c4 d4 25. Bd2 Rea8 26. a5 bxa5 27. Bc1 Rb6 28. Rxb6 Nxb6 29. Ba3 Nd7 30. Rb1 Rb8 31. Rxb8+ Nxb8 32. g4 Na6 33. Qe4 Nb4 34. Kg2 Kh7 35. Kg3 Na2 36. Qe1 Nc3 37. f3 Qg5 38. Kg2 Qf6 39. h4 h5 40. Bc1 hxg4 41. fxg4 c5 42. Kg3 Qd6 43. h5 f6 44. Bd2 a4 45. h6 gxh6 46. Kg2 Qc6+ 47. Kg3 e4 48. Qh1 Qd6+ 49. Kh3 0-1

[Event "Wch Rapid"]
[Site "New York"]
[Date "2024.12.26"]
[Round "5"]
[White "Xiong, Jeffery"]
[Black "Le Tuan, Minh"]
[Result "1/2-1/2"]
[WhiteElo "2714"]
[BlackElo "2492"]
[PlyCount "161"]
[EventDate "2024.12.26"]
[EventType "swiss (rapid)"]
[EventRounds "13"]
[EventCountry "USA"]
[SourceTitle "CB01_2025"]
[SourceDate "2025.01.01"]
[SourceVersion "1"]
[SourceVersionDate "2025.01.01"]
[SourceQuality "1"]

1. c4 e6 2. Nf3 d5 3. d4 h6 4. e3 Nf6 5. b3 c5 6. dxc5 Bxc5 7. a3 0-0 8. Bb2 b6 9. Nbd2 Bb7 10. Be2 Nbd7 11. 0-0 a5 12. Qb1 Qe7 13. cxd5 Bxd5 14. Nd4 Rac8 15. Bf3 Bxd4 16. Bxd4 e5 17. Bb2 Bxf3 18. Nxf3 Qe6 19. Rd1 Rfe8 20. b4 axb4 21. axb4 Rc4 22. Qa2 Rxb4 23. Qxe6 Rxe6 24. Ra8+ Kh7 25. Ba3 Rb3 26. g4 Nc5 27. h3 Nd3 28. Nd2 Rb5 29. Nc4 Rd5 30. Rb8 Nd7 31. Rb7 e4 32. Rb1 Rf6 33. Rf1 b5 34. Nd2 b4 35. Nxe4 Re6 36. Rxb4 Nxb4 37. Nc3 Rc5 38. Bxb4 Rc4 39. Nd5 Ne5 40. Rd1 Nc6 41. Ba3 Ra4 42. Rd3 Ne5 43. Rc3 Nc4 44. Bb4 Ne5 45. Ra3 Rxa3 46. Bxa3 Ra6 47. Bb2 Nd3 48. Bd4 Ra2 49. f3 Ne1 50. f4 Nf3+ 51. Kf1 Nh2+ 52. Kg1 Nf3+ 53. Kf1 Rd2 54. Nc3 Nxd4 55. exd4 Rxd4 56. Ne2 Rd3 57. Kg2 g6 58. h4 Kg7 59. Ng3 Rd2+ 60. Kf3 Ra2 61. h5 Ra5 62. Ke4 Kf6 63. Kf3 Ra3+ 64. Kf2 gxh5 65. Nxh5+ Ke6 66. Ng7+ Kf6 67. Nh5+ Ke6 68. Ng7+ Kd5 69. Nf5 Ke4 70. Nxh6 Rf3+ 71. Kg2 Rxf4 72. Kg3 Rf3+ 73. Kh4 f6 74. g5 Rf4+ 75. Kh5 fxg5 76. Kxg5 Rf1 77. Kg6 Ke5 78. Nf7+ Ke6 79. Ng5+ Ke7 80. Ne4 Rf4 81. Ng5 1/2-1/2